000
00329nam a22001457a 4500
008
230418b ||||| |||| 00| 0 eng d
020
_a
9780813030708
041
_a
eng
080
_a
030
082
_a
030
100
_a
40
101
_a
ARKEOLO
245
_a
THE ARCHEOLOGY OF COLLECTIVE ACTION
_c
SAITTA.J.D
942
_2
udc
_c
BK
999
_c
59577
_d
59577